LEADER 00947nam0-2200277 --450 001 9910297660203321 005 20190108095619.0 010 $a978-88-97808-44-2 020 $aIT$b2016-3012 100 $a20190108d2015----kmuy0itay5050 ba 101 0 $aita 102 $aIT 105 $ay 001yy 200 1 $a<>Monastero di S. Agnese sulla via Nomentana$estoria e documenti (982-1299)$f[a cura di] Isa Lori Sanfilippo 210 $aRoma$cSocietā romana di storia patria$d2015 215 $aLXXV, 595 p.$d25 cm 300 $aDocumenti conservati presso l'Archivio della Procura generale dei canonici regolari del SS.mo Salvatore lateranensi di Roma 676 $a945.63204 702 1$aLori Sanfilippo,$bIsa 801 0$aIT$bUNINA$gREICAT$2UNIMARC 901 $aBK 912 $a9910297660203321 952 $a12.1295$b12/19$fDARST 959 $aDARST 996 $aMonastero di S. Agnese sulla via Nomentana$91541153 997 $aUNINA